Retrouvez ces films grâce à leur sous-titre #4 - Statistiques

Statistiques générales
  • Ce quiz a été pris 138 fois
  • Le résultat moyen est 3 sur 10
Statistiques - réponses
Sous-titres Films % Correct
Première danse, premier amour, le meilleur moment de votre vie. Dirty Dancing
71%
La carte perdue. Le vieux phare. Les cavernes secrètes. Les pièges maléfiques. Le trésor caché. Et... le Cinoque. Les Goonies
43%
L'histoire d'un jeune homme qui s'intéresse principalement à l'ultra-violence et à Beethoven Orange mécanique
43%
Leçons culturelles sur l'Amérique au profit glorieuse nation Kazakhstan. Borat
34%
Tatouer pour ne plus oublier Memento
28%
Printemps 1980. Des milliers de réfugiés cubains passent la frontière des Etats-Unis. Ils n'ont qu'une idée en tête : le rêve américain. Scarface
28%
Rien sur Terre ne pouvait les séparer Titanic
28%
Ils ne sont pas nés d'hier Les Visiteurs
12%
Croire à l'incroyable Matrix
8%
Il croyait qu'il suffisait de se marier pour rester célibataire Prête-moi ta main
6%
Aucun quiz correspondant
Distribution des résultats
% des personnes avec chaque résultat
Percentile par nombre de réponses
Votre historique - résultats
Vous n’avez pas pris ce quiz